000 00632nam a2200181Ia 4500
003 GCL
008 140319s9999 xx 000 0 ara d
040 _aGCL /
_cGCL
082 0 4 _a249.3
_bع ب
100 1 _aعبدالرحمن الوكيل
245 1 0 _aالبهائية تاريخها وعقيدتها وصلتها بالباطنية والصهيونية /
_cعبدالرحمن الوكيل
700 1 _aاحمد حمدى امام
260 _a[S.N] :
_bدار المدنى للطباعة والنشر والثقافة ،
_c1986
490 _a
650 0 4 _aالبهائية
650 0 4 _aالبابية
942 _2ddc
_cBK
999 _c30887
_d30887